<?xml version="1.0" encoding="UTF-8"?>
<collection xmlns="http://www.loc.gov/MARC21/slim">
 <record>
  <leader>01554nam a2200229Ia 4500</leader>
  <controlfield tag="001">TDMU_7154</controlfield>
  <controlfield tag="008">210410s9999    xx            000 0 und d</controlfield>
  <datafield tag="082" ind1=" " ind2=" ">
   <subfield code="a">107</subfield>
  </datafield>
  <datafield tag="090" ind1=" " ind2=" ">
   <subfield code="b">B534</subfield>
  </datafield>
  <datafield tag="100" ind1=" " ind2=" ">
   <subfield code="a">BuÌ€i, Thanh QuâÌt</subfield>
  </datafield>
  <datafield tag="245" ind1=" " ind2="0">
   <subfield code="a">LiÌ£ch sưÌ‰ triêÌt hoÌ£c</subfield>
  </datafield>
  <datafield tag="245" ind1=" " ind2="0">
   <subfield code="b">GiaÌo triÌ€nh duÌ€ng cho caÌc trươÌ€ng đaÌ£i hoÌ£c vaÌ€ cao đăÌ‰ng</subfield>
  </datafield>
  <datafield tag="245" ind1=" " ind2="0">
   <subfield code="c">BuÌ€i Thanh QuâÌt (chuÌ‰ biên), VuÌƒ, TiÌ€nh (đôÌ€ng chuÌ‰ biên)</subfield>
  </datafield>
  <datafield tag="260" ind1=" " ind2=" ">
   <subfield code="a">H.</subfield>
  </datafield>
  <datafield tag="260" ind1=" " ind2=" ">
   <subfield code="b">GiaÌo duÌ£c</subfield>
  </datafield>
  <datafield tag="260" ind1=" " ind2=" ">
   <subfield code="c">1999</subfield>
  </datafield>
  <datafield tag="300" ind1=" " ind2=" ">
   <subfield code="a">455tr.</subfield>
  </datafield>
  <datafield tag="520" ind1=" " ind2=" ">
   <subfield code="a">GiơÌi thiêÌ£u môÌ£t caÌch đaÌ£i cương sưÌ£ phaÌt triêÌ‰n tư tươÌ‰ng triêÌt hoÌ£c tưÌ€ thơÌ€i côÌ‰ đaÌ£i cho tơÌi ngaÌ€y nay nhăÌ€m giuÌp caÌc đôÌi tươÌ£ng ngươÌ€i hoÌ£c không chuyên vêÌ€ triêÌt hoÌ£c năÌm đươÌ£c quaÌ triÌ€nh hiÌ€nh thaÌ€nh, phaÌt triêÌ‰n nhưÌƒng khaÌi niêÌ£m, phaÌ£m truÌ€, nguyên liÌ, quy luâÌ£t tư duy cuÌ‰a triêÌt hoÌ£c hiêÌ£n đaÌ£i</subfield>
  </datafield>
  <datafield tag="650" ind1=" " ind2=" ">
   <subfield code="a">LiÌ£ch sưÌ‰ triêÌt hoÌ£c; TriêÌt hoÌ£c; LiÌ£ch sưÌ‰; LiÌ£ch sưÌ‰ triêÌt hoÌ£c</subfield>
  </datafield>
  <datafield tag="700" ind1=" " ind2=" ">
   <subfield code="a">VuÌƒ, TiÌ€nh</subfield>
  </datafield>
  <datafield tag="856" ind1=" " ind2=" ">
   <subfield code="u">http://lrc.tdmu.edu.vn/opac/search/detail.asp?aID=2&amp;ID=7154</subfield>
  </datafield>
  <datafield tag="980" ind1=" " ind2=" ">
   <subfield code="a">Trung tâm Học liệu Trường Đại học Thủ Dầu Một</subfield>
  </datafield>
 </record>
</collection>
